| 000 | 00584nam a22002057a 4500 | ||
|---|---|---|---|
| 003 | OSt | ||
| 005 | 20140310183121.0 | ||
| 008 | 130510t xxu||||| |||| 00| 0 eng d | ||
| 020 | _a9711000733 | ||
| 050 |
_aDS686.5 _b.Sc425 1982 |
||
| 082 |
_aF899.2104 _b.S431 1982 |
||
| 245 |
_aCracks in the parchment curtain and other essays in Philippine history _cScott, William Henry |
||
| 260 |
_aQuezon City _bNew Day Publishers _c1982 |
||
| 300 |
_a315 p. _c22 cm. |
||
| 521 | _aCollege students | ||
| 526 | _c1210L-1700L | ||
| 541 | _j1 | ||
| 562 | _e1 | ||
| 942 |
_2lcc _cBK _kFIL |
||
| 999 |
_c18928 _d18928 |
||